000 01414nam a22002417a 4500
999 _c57325
_d57325
003 Ge_BSU
005 20200521130357.0
008 200521s2015 xxu||||| |||| 00| 0 geo d
020 _a9789941942747
041 _ageo
080 _a347.47 ჩ-67
100 _aჩიტაშვილი, ნათია,
_98140
245 _aშეცვლილი გარემოებების გავლენა ვალდებულების შესრულებასა და მხარეთა შესაძლო მეორად მოთხოვნებზე :
_b(შედარებითი ანალიზი) /
_c ნათია ჩიტაშვილი ; სამეც რედ. თამარ ზამბახიძე.
264 _aთბილისი :
_bბონა კაუზა,
_c2015.
300 _a420 გვ. ;
_c 20 სმ
440 _aიურისტის ბიბლიოთეკა
_9137
504 _aბიბლიოგრ. : გვ. 396-413.
546 _aპარალელური სათაური ინგლისურ ენაზე
653 _aსახელშეკრულებო სამართალი.
653 _aსამრთალი
700 _aზამბახიძე, თამარ
_eსამეცნიერო რედაქტორი
_98141
942 _2udc
_cBK